Διάκριση ζωνών επικινδυνότητας έναρξης και εξάπλωσης δασικών πυρκαγιών με την χρήση γεωγραφικών συστημάτων πληροφοριών : πτυχιακή εργασία
Αποθηκεύτηκε σε:
| Κύριος συγγραφέας: | |
|---|---|
| Συγγραφή απο Οργανισμό/Αρχή: | |
| Άλλοι συγγραφείς: | , |
| Μορφή: | Thesis Βιβλίο |
| Γλώσσα: | Greek |
| Δημοσίευση: |
Μυτιλήνη :
Πανεπιστήμιο Αιγαίου, Τμήμα Περιβάλλοντος, Τομέας Διαχείρισης Οικοσυστημάτων,
1993
|
| Θέματα: | |
| Διαθέσιμο Online: | http://hdl.handle.net/11610/9810 |
| Ετικέτες: |
Προσθήκη ετικέτας
Δεν υπάρχουν, Καταχωρήστε ετικέτα πρώτοι!
|
MARC
| LEADER | 00000cam a2200000 i 4500 | ||
|---|---|---|---|
| 001 | 1/3964 | ||
| 008 | 000524s1993 gre d | ||
| 035 | |l 10060986 | ||
| 040 | |a GR-MY-UA |b gre |e aacr | ||
| 041 | 0 | |a gre | |
| 082 | 0 | |a 363.379 |2 (22) | |
| 100 | 1 | |a Κρίνας, Γεώργιος. | |
| 245 | 1 | 0 | |a Διάκριση ζωνών επικινδυνότητας έναρξης και εξάπλωσης δασικών πυρκαγιών με την χρήση γεωγραφικών συστημάτων πληροφοριών : |b πτυχιακή εργασία / |c Κρίνας Γιώργος ; επιβλέποντες καθηγητές: Α. Π. Δημητρακόπουλος, Ι. Ν. Χατζόπουλος |
| 260 | |a Μυτιλήνη : |b Πανεπιστήμιο Αιγαίου, Τμήμα Περιβάλλοντος, Τομέας Διαχείρισης Οικοσυστημάτων, |c 1993 | ||
| 300 | |a 88 σ.; |b σχ., χάρτες; |c 30 εκ. | ||
| 502 | |a Πτυχιακή εργασία – Πανεπιστήμιο Αιγαίου, Λέσβος, 1993. | ||
| 504 | |a Περιέχει βιβλιογραφία | ||
| 650 | 0 | 0 | |a Forest fires |x Prevention and control. |
| 650 | 0 | 0 | |a Forest fires |x Forecasting. |
| 650 | 0 | 0 | |a Forest protection. |
| 650 | 0 | 0 | |a Dissertations, Academic |z Greece. |
| 700 | 1 | |a Δημητρακόπουλος, Αλέξανδρος. |4 ths | |
| 700 | 1 | |a Χατζόπουλος, Ιωάννης Ν. | |
| 710 | 2 | |a Πανεπιστήμιο Αιγαίου. |b Σχολή Περιβάλλοντος. |b Τμήμα Περιβάλλοντος. | |
| 852 | |a INST |b LESVOS |c DIATR |e 20000524 |h 87 |p 005100026215 |q 005100026215 |t DIE |y 23 | ||
| 852 | |a INST |b LESVOS |c DIATR |e 20000524 |h 88 |p 005100026216 |q 005100026216 |t DIE |y 23 | ||
| 856 | |u http://hdl.handle.net/11610/9810 | ||
| 901 | |a BIBL1-2000-2 | ||
| 909 | |a Λ |b 078882 | ||
| 909 | |a Λ |b 078883 | ||
| 924 | |a ΚΡΙΝΑΣ |b ΓΕΩΡΓΙΟΣ |y ΛΕΣΒΟΣ |z 1993-07 | ||
| 970 | |a ΑΙΒΑΤΖΙΔΟΥ |b ΕΛΕΝΗ |z 2000/05/24 | ||